000 00839nam a2200277 a 4500
003 AR-BaBNM
005 20251128204120.0
008 082120s2002 ||||||||||||||000 | spa||
020 _a950-537-168-3
040 _cAR-BaBNM
100 1 _aAldao Zapiola, Carlos M.
245 0 0 _aLa negociación
_bun enfoque integral con específicas referencias a la negociación laboral
250 _a2ª ed.
260 _aBuenos Aires
_bMacchi
_c1992
300 _alv, 519 p.
_btablas
500 _aContiene referencias bibliográficas en notas a pie de página
650 4 _aTRABAJO
650 4 _aMERCADO DE TRABAJO
650 4 _aADMINISTRACION DEL PERSONAL
650 4 _aPLANIFICACION LABORAL
650 4 _aNEGOCIACION COLECTIVA
650 4 _aCONFLICTO LABORAL
700 1 _aWeiss, Dimitri
_eprologuista
942 _cBK
998 _csilvi
999 _c6233
_d6233